000 00284nam a22001337a 4500
008 180928b xxu||||| |||| 00| 0 eng d
020 _a0721628788
041 _aeng
080 _a616
100 _a9
101 _aPAT
245 _aMotor Speech Disorders
_cDarley
942 _2udc
_cBK
999 _c48642
_d48642